[Event "XXIII Festival A"]
[Site "Porto San Giorgio ITA"]
[Date "2011.08.22"]
[Round "2"]
[White "Allegranti, Luca"]
[Black "De Felice, Michele"]
[Result "1-0"]
[WhiteElo "2025"]
[BlackElo "1870"]
[PlyCount "89"]
[EventDate "2011.08.21"]

1. d4 d5 2. Nf3 Bf5 3. e3 e6 4. c4 Nf6 5. Qb3 Nc6 6. Bd2 Rb8 7. cxd5 exd5 8.
Nc3 Be7 9. Bb5 O-O 10. O-O Na5 11. Qd1 c6 12. Be2 b5 13. Ne5 Qb6 14. g4 Be6 15.
b3 Nb7 16. Kh1 Nd7 17. Nd3 c5 18. dxc5 Nbxc5 19. Nf4 Qb7 20. f3 b4 21. Nb5 Bf6
22. Nd4 Ne5 23. Rc1 Rbc8 24. Rxc5 Rxc5 25. Ndxe6 fxe6 26. Nxe6 Rcc8 27. Nxf8
Rxf8 28. Bc1 Be7 29. Bb2 Ng6 30. f4 Nh4 31. Bf3 Nxf3 32. Qxf3 Qb5 33. Rd1 Rd8
34. Bd4 a6 35. Kg2 Rc8 36. Rd2 Rc1 37. Qe2 Qd7 38. h3 Rc6 39. Qd3 g6 40. Be5
Rc5 41. e4 h5 42. gxh5 Bh4 43. exd5 gxh5 44. Qg6+ Kf8 45. Qd6+ 1-0

[Event "XXIII Festival A"]
[Site "Porto San Giorgio ITA"]
[Date "2011.08.22"]
[Round "2"]
[White "Balzano, Filli"]
[Black "Bellincampi, Stefano"]
[Result "0-1"]
[WhiteElo "1822"]
[BlackElo "2067"]
[PlyCount "224"]
[EventDate "2011.08.21"]

1. e4 c5 2. c3 d5 3. exd5 Qxd5 4. d4 g6 5. Nf3 Bg7 6. dxc5 Qxd1+ 7. Kxd1 Bg4 8.
Be2 Nc6 9. h3 Bf5 10. Be3 Nf6 11. Bb5 O-O 12. Ke2 Nd5 13. Nd4 Nxe3 14. fxe3 Bd7
15. Na3 Rac8 16. Rad1 Rfd8 17. Bxc6 bxc6 18. Rd2 e5 19. Nf3 Be6 20. Rhd1 Rxd2+
21. Rxd2 f6 22. b4 a5 23. Rb2 axb4 24. cxb4 Ra8 25. Nb1 Bxa2 26. Nc3 Bc4+ 27.
Kf2 f5 28. e4 Bd3 29. Nd2 Bh6 30. Nf3 fxe4 31. Ne1 Rf8+ 32. Kg3 Bf4+ 33. Kg4
Bc4 34. Nxe4 Be6+ 35. Kh4 Rf5 36. g4 g5+ 37. Kh5 Rf8 38. Nxg5 Bd7 39. Ne4 Be8+
40. Kh4 Kg7 41. g5 Bg6 42. Ng3 Bc1 43. Nh5+ Kg8 44. Re2 Rb8 45. Nf6+ Kf7 46.
Rxe5 Rxb4+ 47. Ng4 Bf4 48. Re2 Rc4 49. Ng2 Bc7 50. Ra2 Ke6 51. Re2+ Kd7 52.
N2e3 Rxc5 53. Nf6+ Kc8 54. Neg4 Bf4 55. Nxh7 Bxh7 56. Re8+ Kc7 57. Re7+ Kb6 58.
Rxh7 Bxg5+ 59. Kg3 Rc3+ 60. Kg2 c5 61. Ne5 Bf4 62. Nd7+ Kb5 63. Rh5 Be3 64. Re5
Bd4 65. Rf5 Kb4 66. Rd5 Kc4 67. Rg5 Kb3 68. h4 Rc2+ 69. Kg3 c4 70. Nc5+ Kb2 71.
h5 Rc1 72. Rd5 Rd1 73. Kg2 Rg1+ 74. Kh2 Rd1 75. Kg2 Rd2+ 76. Kh3 c3 77. Ne4 Kb3
78. Nxc3 Kxc3 79. Kg4 Kd3 80. Rf5 Rg2+ 81. Kh3 Rg1 82. Rf3+ Be3 83. Rg3 Rh1+
84. Kg4 Ke4 85. Rh3 Rg1+ 86. Rg3 Rf1 87. Rh3 Rf8 88. h6 Rg8+ 89. Kh5 Bxh6 90.
Ra3 Bf4 91. Kh4 Kf5 92. Ra5+ Be5 93. Kh3 Rg1 94. Ra4 Bf4 95. Ra5+ Ke4 96. Ra4+
Kf3 97. Ra3+ Be3 98. Ra2 Rg8 99. Ra4 Rh8+ 100. Rh4 Ra8 101. Rb4 Ra1 102. Rb2
Rg1 103. Ra2 Rg3+ 104. Kh4 Rg8 105. Ra5 Bf2+ 106. Kh5 Kf4 107. Ra4+ Kf3 108.
Ra3+ Be3 109. Ra2 Rg5+ 110. Kh4 Rf5 111. Ra3 Rf8 112. Kh5 Rf6 0-1

[Event "XXIII Festival A"]
[Site "Porto San Giorgio ITA"]
[Date "2011.08.22"]
[Round "2"]
[White "Bardone, Lorenzo"]
[Black "Mandolini, Riccardo"]
[Result "0-1"]
[WhiteElo "1775"]
[BlackElo "2119"]
[PlyCount "50"]
[EventDate "2011.08.21"]

1. e4 Nc6 2. d4 e5 3. d5 Nce7 4. Nf3 Ng6 5. h4 h5 6. Bg5 Be7 7. g3 d6 8. Nc3
Nh6 9. Bb5+ Kf8 10. Bxe7+ Nxe7 11. Ng5 g6 12. Qf3 Kg7 13. g4 Bxg4 14. Qg3 a6
15. Be2 Re8 16. f3 Bd7 17. f4 exf4 18. Qxf4 Neg8 19. Rg1 Qf6 20. Qg3 Qe5 21.
Ne6+ fxe6 22. Qxg6+ Kh8 23. Rg5 Qf6 24. Qxh5 Rf8 25. O-O-O Be8 0-1

[Event "XXIII Festival A"]
[Site "Porto San Giorgio ITA"]
[Date "2011.08.22"]
[Round "2"]
[White "Barlocco, Carlo"]
[Black "Della Sala, Bruno"]
[Result "0-1"]
[WhiteElo "2135"]
[BlackElo "1818"]
[PlyCount "138"]
[EventDate "2011.08.21"]

1. d4 d5 2. Nf3 Nf6 3. g3 e6 4. Bg2 Be7 5. O-O O-O 6. c4 Nbd7 7. Qc2 c6 8. Nbd2
b6 9. e4 dxe4 10. Nxe4 Bb7 11. Rd1 Qc8 12. Ne5 Rd8 13. Bf4 c5 14. Ng5 Bxg2 15.
Kxg2 Rf8 16. d5 exd5 17. Rxd5 h6 18. Rxd7 hxg5 19. Rxe7 gxf4 20. Rd1 fxg3 21.
hxg3 Re8 22. Rxf7 Rxe5 23. Qg6 Qf8 24. Rxf8+ Kxf8 25. g4 Rae8 26. g5 Ne4 27. f4
R5e6 28. Qh7 Nd6 29. Qh8+ Kf7 30. Qh5+ Kf8 31. g6 Ke7 32. Qf3 Rxg6+ 33. Kf2 Re6
34. Re1 Rxe1 35. Kxe1 Kf8+ 36. Kf2 Nxc4 37. b3 Nd6 38. Qd5 Ne4+ 39. Kf3 Nf6 40.
Qd6+ Kf7 41. f5 Re7 42. a4 Re1 43. Qc7+ Re7 44. Qb8 Nd7 45. Qd6 Nf6 46. a5 bxa5
47. Qxc5 a4 48. bxa4 Ke8 49. a5 Kf7 50. a6 Ke8 51. Qc4 Kf8 52. Qc6 Kf7 53. Qa8
Ne8 54. Qd5+ Kf8 55. Qb3 Nf6 56. Qb2 Kf7 57. Qb8 Ne8 58. Qb3+ Kf8 59. Kf4 Nf6
60. Kg5 Nd7 61. Qd5 Ne5 62. f6 gxf6+ 63. Kxf6 Ng4+ 64. Kg5 Re5+ 65. Qxe5 Nxe5
66. Kf6 Nd7+ 67. Ke6 Nc5+ 68. Kd5 Nxa6 69. Kc6 Nb8+ 0-1

[Event "XXIII Festival A"]
[Site "Porto San Giorgio ITA"]
[Date "2011.08.22"]
[Round "2"]
[White "Barnabei, Stefano"]
[Black "Carnicelli, Flavio"]
[Result "0-1"]
[WhiteElo "1759"]
[BlackElo "1904"]
[PlyCount "73"]
[EventDate "2011.08.21"]

1. e4 e5 2. Nf3 Nc6 3. d4 exd4 4. Nxd4 Nf6 5. Nxc6 bxc6 6. Bd3 d5 7. exd5 cxd5
8. O-O Be7 9. Nc3 c6 10. Bf4 O-O 11. a3 a5 12. Ne2 c5 13. c3 Re8 14. Bb5 Bd7
15. Bxd7 Qxd7 16. Ng3 Rad8 17. Re1 h6 18. Qd3 Bd6 19. Bxd6 Qxd6 20. h3 g6 21.
Rad1 Qb6 22. Qc2 Rxe1+ 23. Rxe1 Rb8 24. Re2 Qb3 25. Qxb3 Rxb3 26. Rd2 Kf8 27.
f3 Ke7 28. Kf2 Ke6 29. Ne2 Kd6 30. h4 Rb6 31. g4 a4 32. c4 d4 33. Nc3 Nd7 34.
Nxa4 Rb3 35. Rc2 Ne5 36. Kg2 Nxf3 37. h5 0-1

[Event "XXIII Festival A"]
[Site "Porto San Giorgio ITA"]
[Date "2011.08.22"]
[Round "2"]
[White "Benaglia, Giovanni"]
[Black "Miandro, Steven"]
[Result "1/2-1/2"]
[WhiteElo "1978"]
[BlackElo "1834"]
[PlyCount "76"]
[EventDate "2011.08.21"]

1. d4 Nf6 2. Bg5 Ne4 3. Bf4 c5 4. f3 Qa5+ 5. c3 Nf6 6. Nd2 cxd4 7. Nb3 Qb6 8.
Qxd4 Nc6 9. Qxb6 axb6 10. Nd4 e5 11. Nxc6 exf4 12. Nd4 Bc5 13. Nh3 Nd5 14. e4
fxe3 15. Bc4 Nf6 16. Nf4 Bxd4 17. cxd4 O-O 18. Ke2 d6 19. g4 Rd8 20. g5 d5 21.
Bb3 Ne8 22. Nxd5 Rd6 23. Rac1 Be6 24. Nc7 Nxc7 25. Rxc7 Bxb3 26. axb3 Rxd4 27.
Kxe3 Rad8 28. Rxb7 Rd3+ 29. Kf4 Rxb3 30. Rd1 Rf8 31. Rd2 g6 32. Kg4 Kg7 33. h4
h5+ 34. Kg3 Re8 35. Rdd7 Rf8 36. Rd6 Rxb2 37. Rbxb6 Rxb6 38. Rxb6 Re8 1/2-1/2

[Event "XXIII Festival A"]
[Site "Porto San Giorgio ITA"]
[Date "2011.08.22"]
[Round "2"]
[White "Bondielli, Giorgio"]
[Black "Cristiani, Cesare"]
[Result "0-1"]
[WhiteElo "1885"]
[BlackElo "2158"]
[PlyCount "53"]
[EventDate "2011.08.21"]

1. e4 e6 2. d4 d5 3. e5 c5 4. c3 Qb6 5. Nf3 Nc6 6. a3 Bd7 7. b4 cxb4 8. cxb4
Rc8 9. Be2 Nge7 10. O-O Nf5 11. Bb2 Be7 12. h3 h5 13. Nbd2 g5 14. Nb3 g4 15.
Ne1 gxh3 16. gxh3 Bh4 17. Ng2 Ke7 18. Bxh5 Rcg8 19. Kh2 Qc7 20. Nxh4 Nxh4 21.
Bg4 f6 22. f4 f5 23. Bf3 Be8 24. Rg1 Rxg1 25. Kxg1 Kd8 26. Kf2 Qe7 27. Qg1 0-1

[Event "XXIII Festival A"]
[Site "Porto San Giorgio ITA"]
[Date "2011.08.22"]
[Round "2"]
[White "Borgiani, Flavio"]
[Black "Giampieri, Stefano"]
[Result "1-0"]
[WhiteElo "2156"]
[BlackElo "1847"]
[PlyCount "113"]
[EventDate "2011.08.21"]

1. d4 d5 2. Nf3 Nf6 3. c4 c6 4. Qc2 e6 5. g3 Nbd7 6. Bg2 Be7 7. O-O O-O 8. b3
b6 9. Ne5 Nxe5 10. dxe5 Nd7 11. Bb2 Bb7 12. Nd2 Rc8 13. Rac1 c5 14. cxd5 Bxd5
15. e4 Bb7 16. Nc4 Qc7 17. Rfd1 Rfd8 18. Nd6 Bxd6 19. exd6 Qc6 20. Qd2 e5 21.
f3 f6 22. Bh3 Kf7 23. Qd5+ Qxd5 24. exd5 Rb8 25. b4 Bc8 26. Be6+ Ke8 27. Ba3
Nf8 28. Bxc8 Rbxc8 29. bxc5 bxc5 30. Bxc5 a6 31. Bb4 Kd7 32. Rc7+ Rxc7 33. dxc7
Rc8 34. Bxf8 Rxf8 35. d6 f5 36. Kf2 Re8 37. Ke3 e4 38. fxe4 Rxe4+ 39. Kf3 Rc4
40. h4 g6 41. Ke3 a5 42. Rd4 Rc5 43. Kf4 h6 44. a4 Rc1 45. Ke5 g5 46. hxg5 hxg5
47. Kxf5 Rc5+ 48. Kg4 Rc3 49. Kxg5 Rxg3+ 50. Kf5 Rc3 51. Ke5 Rc1 52. Rd5 Re1+
53. Kd4 Rd1+ 54. Kc4 Rb1 55. Rc5 Rc1+ 56. Kb5 Rb1+ 57. Kxa5 1-0

[Event "XXIII Festival A"]
[Site "Porto San Giorgio ITA"]
[Date "2011.08.22"]
[Round "2"]
[White "Borino, Paolo"]
[Black "Conti, Ferdinando"]
[Result "1-0"]
[WhiteElo "1917"]
[BlackElo "1800"]
[PlyCount "115"]
[EventDate "2011.08.21"]

1. f4 d5 2. Nf3 Nf6 3. e3 Bg4 4. b3 e6 5. Bb2 Be7 6. Bd3 Nbd7 7. O-O Nc5 8. Be2
O-O 9. Nc3 Bxf3 10. Bxf3 c6 11. Ne2 Nce4 12. Qe1 Nd6 13. Ng3 Nfe8 14. d3 Bh4
15. e4 Qb6+ 16. Kh1 d4 17. Bg4 c5 18. f5 e5 19. Rf3 Nf6 20. Bh3 Nh5 21. Qe2
Nxg3+ 22. hxg3 Bf6 23. g4 Qd8 24. Raf1 Bg5 25. Qd1 Qf6 26. Bc1 Ne8 27. Bxg5
Qxg5 28. f6 g6 29. Qc1 Qxc1 30. Rxc1 h6 31. c3 b6 32. cxd4 exd4 33. e5 g5 34.
g3 Nc7 35. Bg2 Rae8 36. Rf5 h5 37. Bc6 Rd8 38. Kg2 Nd5 39. Bxd5 Rxd5 40. Kf3
Re8 41. Ke4 Rdd8 42. Rh1 Kh7 43. Rxg5 Rg8 44. Rxg8 Rxg8 45. Kf4 b5 46. Rc1 Rc8
47. Ke4 Kg6 48. Kd5 Rd8+ 49. Kc6 Re8 50. Rxc5 Re6+ 51. Kxb5 Kg5 52. Kc4 Kxg4
53. Kxd4 Kxg3 54. Rc7 Kf4 55. Rxf7 Rxe5 56. Rh7 h4 57. f7 Rf5 58. Rxh4+ 1-0

[Event "XXIII Festival A"]
[Site "Porto San Giorgio ITA"]
[Date "2011.08.22"]
[Round "2"]
[White "Boscolo, Federico"]
[Black "Pepe, Mario"]
[Result "1-0"]
[WhiteElo "2210"]
[BlackElo "1999"]
[PlyCount "82"]
[EventDate "2011.08.21"]

1. e4 Nf6 2. e5 Nd5 3. d4 d6 4. Bc4 e6 5. Nf3 Be7 6. O-O O-O 7. Qe2 Nb6 8. Bd3
d5 9. c3 c5 10. dxc5 Bxc5 11. Bxh7+ Kh8 12. Bc2 Nc6 13. Qd3 g6 14. Qd2 g5 15.
Qd3 f5 16. exf6 Rf7 17. Nxg5 Qxf6 18. Nxf7+ Qxf7 19. Be3 Bd6 20. f4 Nc4 21. Bc1
Bc5+ 22. Kh1 Nd6 23. Be3 b6 24. Bxc5 bxc5 25. Nd2 a5 26. Qe3 d4 27. cxd4 cxd4
28. Qh3+ Kg7 29. Nf3 Nf5 30. Be4 Bb7 31. Ng5 Qg6 32. Nxe6+ Qxe6 33. Bxf5 Qh6
34. Qxh6+ Kxh6 35. Be4 Nd8 36. Bxb7 Nxb7 37. Rad1 Rd8 38. Rd2 Nc5 39. Rfd1 d3
40. b3 Ne4 41. Kg1 Nc5 1-0

[Event "XXIII Festival A"]
[Site "Porto San Giorgio ITA"]
[Date "2011.08.22"]
[Round "2"]
[White "Boscolo, Marco"]
[Black "Movileanu, Daniela"]
[Result "1-0"]
[WhiteElo "2166"]
[BlackElo "1931"]
[PlyCount "149"]
[EventDate "2011.08.21"]

1. Nf3 Nf6 2. d4 g6 3. c4 d5 4. g3 Bg7 5. Bg2 O-O 6. O-O c6 7. cxd5 Nxd5 8.
Nbd2 Nd7 9. Nc4 N7b6 10. Nce5 h6 11. b3 Be6 12. Bb2 a5 13. a3 Qc8 14. Re1 Rd8
15. Qc2 Qc7 16. e4 Nf6 17. d5 Bg4 18. dxc6 Bxf3 19. Bxf3 Rac8 20. Rac1 Ne8 21.
Qc5 bxc6 22. Bc3 a4 23. b4 Nd6 24. Bd4 Nd7 25. Nxd7 Qxd7 26. Bxg7 Kxg7 27. Qd4+
Kg8 28. e5 Nb5 29. Qxd7 Rxd7 30. Rxc6 Rcd8 31. e6 Rd6 32. exf7+ Kxf7 33. Rxd6
Rxd6 34. Re3 Kf6 35. Be2 Nd4 36. Bd1 Nf5 37. Re1 Rd3 38. Bxa4 Rxa3 39. Bc2 Nd4
40. Be4 Rb3 41. Rb1 Ra3 42. Kg2 Nb5 43. Rb2 Nc3 44. Bc2 Nb5 45. Bb3 Nd6 46. Bd5
e6 47. Ba2 g5 48. Re2 e5 49. Rb2 e4 50. Rd2 Ra6 51. Rb2 Ra3 52. Bd5 Ke5 53. Bc6
Rc3 54. b5 Rc5 55. Bd7 Nc4 56. Rb4 e3 57. fxe3 Nxe3+ 58. Kf3 Nd5 59. Rb2 Rc3+
60. Kf2 Kd6 61. Bc6 Ne7 62. Bf3 Ng6 63. b6 Ne5 64. Be2 Nd7 65. b7 Kc7 66. Bg4
Nb8 67. Bf3 Nd7 68. Ke2 Nb8 69. Be4 Nd7 70. Kd2 Rc5 71. Ke3 h5 72. Kd4 Ra5 73.
Rc2+ Kd6 74. Rc6+ Ke7 75. Rc7 1-0

[Event "XXIII Festival A"]
[Site "Porto San Giorgio ITA"]
[Date "2011.08.22"]
[Round "2"]
[White "Briffault, Philippe"]
[Black "Di Pietro, Gabriele"]
[Result "1/2-1/2"]
[WhiteElo "1955"]
[BlackElo "1840"]
[PlyCount "88"]
[EventDate "2011.08.21"]

1. d4 d5 2. c4 c6 3. Nf3 Nf6 4. Nc3 e6 5. e3 Nbd7 6. Qc2 Bd6 7. Bd3 dxc4 8.
Bxc4 O-O 9. O-O Qc7 10. h3 e5 11. Bb3 exd4 12. exd4 b6 13. Re1 Bb7 14. Bg5 h6
15. Be3 Rfe8 16. Rad1 Bf4 17. Qf5 Bxe3 18. fxe3 Re7 19. e4 Bc8 20. Nh4 Nc5 21.
Qf3 Nxb3 22. axb3 Bd7 23. e5 Rae8 24. Rf1 Nh7 25. Ne4 Be6 26. Nf5 Bxf5 27. Qxf5
Rd8 28. Nd6 c5 29. Rc1 f6 30. b4 fxe5 31. dxe5 Rf8 32. Qd3 c4 33. Rxf8+ Nxf8
34. Qf5 Qd7 35. Qf4 b5 36. Qd4 a6 37. Re1 Qe6 38. Qb6 Qd5 39. Qxa6 Rxe5 40.
Rxe5 Qxe5 41. Qc6 Qe1+ 42. Kh2 Qe6 43. Kg1 Qe1+ 44. Kh2 Qe6 1/2-1/2

[Event "XXIII Festival A"]
[Site "Porto San Giorgio ITA"]
[Date "2011.08.22"]
[Round "2"]
[White "Burani, Eugenio"]
[Black "Marcugini, Stefano"]
[Result "1-0"]
[WhiteElo "1943"]
[BlackElo "1824"]
[PlyCount "55"]
[EventDate "2011.08.21"]

1. e4 e6 2. d4 d5 3. e5 c5 4. c3 Nc6 5. Nf3 Qb6 6. a3 a5 7. Bd3 Bd7 8. Bc2 cxd4
9. cxd4 Nge7 10. O-O Nf5 11. Bxf5 exf5 12. Nc3 Be6 13. Qd3 Be7 14. Na4 Qa6 15.
Qe3 O-O 16. Bd2 Qa7 17. Rac1 Rfc8 18. Rc3 Rc7 19. Rfc1 Rac8 20. Ne1 Bd8 21. Nf3
Be7 22. R3c2 Qb8 23. Nb6 Rd8 24. Bxa5 Nxa5 25. Rxc7 Nc4 26. R1xc4 dxc4 27. Rxe7
h6 28. Nxc4 1-0

[Event "XXIII Festival A"]
[Site "Porto San Giorgio ITA"]
[Date "2011.08.22"]
[Round "2"]
[White "Calandri, Fausto"]
[Black "Calabrese, Maurizio"]
[Result "1-0"]
[WhiteElo "2118"]
[BlackElo "1567"]
[PlyCount "61"]
[EventDate "2011.08.21"]

1. e4 c5 2. Nf3 d6 3. d4 cxd4 4. Nxd4 Nf6 5. Nc3 a6 6. Be2 Nc6 7. Be3 e6 8. O-O
Bd7 9. a4 d5 10. exd5 exd5 11. Bf3 Be6 12. Nxc6 bxc6 13. a5 Nd7 14. Na4 Bb4 15.
Nb6 Nxb6 16. Bxb6 Qe7 17. c4 O-O 18. cxd5 cxd5 19. Qb3 Bc5 20. Rfc1 Bxb6 21.
axb6 a5 22. Bxd5 Rfc8 23. Bxa8 Rxa8 24. Qc3 h6 25. Rxa5 Rxa5 26. Qxa5 Qb7 27.
Qa7 Qe4 28. b7 Bd5 29. b8=Q+ Kh7 30. Qg3 Qe2 31. Qd4 1-0

[Event "XXIII Festival A"]
[Site "Porto San Giorgio ITA"]
[Date "2011.08.22"]
[Round "2"]
[White "Caldarola, Stefano"]
[Black "Antonelli, Alessandro"]
[Result "1/2-1/2"]
[WhiteElo "1809"]
[BlackElo "1971"]
[PlyCount "65"]
[EventDate "2011.08.21"]

1. d4 Nf6 2. c4 g6 3. Nc3 d5 4. Nf3 Bg7 5. Bg5 Ne4 6. Bf4 Nxc3 7. bxc3 O-O 8.
e3 c5 9. cxd5 Qxd5 10. Be2 cxd4 11. cxd4 Nc6 12. Qa4 b6 13. Bc4 Qa5+ 14. Qxa5
Nxa5 15. Bd5 Bb7 16. Bxb7 Nxb7 17. Rc1 Rac8 18. Kd2 Rfd8 19. Rxc8 Rxc8 20. Rc1
Rxc1 21. Kxc1 e6 22. Kc2 f6 23. Bb8 a6 24. Bc7 b5 25. Kd3 Kf7 26. Nd2 Bf8 27.
h3 Ke8 28. Nb3 Bb4 29. f3 Kd7 30. Bg3 Kc6 31. e4 a5 32. Na1 a4 33. Nc2 1/2-1/2

[Event "XXIII Festival A"]
[Site "Porto San Giorgio ITA"]
[Date "2011.08.22"]
[Round "2"]
[White "Cantoro, Daniele"]
[Black "Serafini, Gino"]
[Result "1-0"]
[WhiteElo "1999"]
[BlackElo "1865"]
[PlyCount "49"]
[EventDate "2011.08.21"]

1. e4 e6 2. Qe2 Be7 3. Nf3 Nf6 4. g3 c6 5. Bg2 d5 6. d3 dxe4 7. dxe4 O-O 8. O-O
b6 9. Rd1 Nbd7 10. e5 Nd5 11. c4 Nc7 12. Nd4 Nb8 13. Nxc6 Qe8 14. Nxe7+ Qxe7
15. Nc3 Nba6 16. Bxa8 Nxa8 17. Nb5 Nc5 18. b4 Na4 19. Qc2 a6 20. Nd6 Bd7 21.
Rd4 Bc6 22. b5 axb5 23. cxb5 Bf3 24. Rxa4 Nc7 25. Ra7 1-0

[Event "XXIII Festival A"]
[Site "Porto San Giorgio ITA"]
[Date "2011.08.22"]
[Round "2"]
[White "Carletti, Davide M."]
[Black "Panada, Valter"]
[Result "1/2-1/2"]
[WhiteElo "1726"]
[BlackElo "1902"]
[PlyCount "44"]
[EventDate "2011.08.21"]

1. e4 e5 2. Nf3 Nc6 3. Bc4 Nf6 4. d3 Bc5 5. O-O O-O 6. c3 d5 7. exd5 Nxd5 8.
Nbd2 Be6 9. Re1 Kh8 10. Nxe5 Nxe5 11. Rxe5 Bd6 12. Re1 Qh4 13. Nf3 Qh5 14. d4
Bg4 15. Be2 Rae8 16. Ne5 Bxe5 17. dxe5 Rxe5 18. Bxg4 Qxg4 19. f3 Qe6 20. Bd2
Re8 21. Qb3 Qb6+ 22. Qxb6 Nxb6 1/2-1/2

[Event "XXIII Festival A"]
[Site "Porto San Giorgio ITA"]
[Date "2011.08.22"]
[Round "2"]
[White "Carnicelli, Valerio"]
[Black "Almadori, Giovanni"]
[Result "1-0"]
[WhiteElo "1898"]
[BlackElo "1660"]
[PlyCount "55"]
[EventDate "2011.08.21"]

1. e4 d6 2. d4 Nf6 3. Nc3 e5 4. f3 exd4 5. Qxd4 Nc6 6. Qd1 Bd7 7. Be3 g6 8. Qd2
Bg7 9. O-O-O Qe7 10. Bg5 h6 11. Nd5 Qd8 12. Bh4 g5 13. Bg3 Nxd5 14. exd5 Ne5
15. h4 Qf6 16. hxg5 hxg5 17. Rxh8+ Bxh8 18. Bxe5 dxe5 19. Qc3 O-O-O 20. d6 c6
21. Qa5 Kb8 22. Qc7+ Ka8 23. Rd3 Bf5 24. Rb3 Rb8 25. Ba6 Bc8 26. Qxc8 Rxc8 27.
Bxb7+ Kb8 28. Bxc6# 1-0

[Event "XXIII Festival A"]
[Site "Porto San Giorgio ITA"]
[Date "2011.08.22"]
[Round "2"]
[White "Cipollaro, Giovanni"]
[Black "Sagripanti, Michele"]
[Result "1/2-1/2"]
[WhiteElo "1866"]
[BlackElo "1990"]
[PlyCount "59"]
[EventDate "2011.08.21"]

1. d4 Nf6 2. Nf3 e6 3. g3 b6 4. Bg2 Bb7 5. O-O Be7 6. c4 O-O 7. Nc3 d6 8. Qc2
Nc6 9. e4 Nb4 10. Qb1 d5 11. exd5 exd5 12. Ne5 Rb8 13. Re1 Re8 14. a3 Na6 15.
cxd5 Nxd5 16. Qa2 c6 17. Nxc6 Bxc6 18. Bxd5 Bxd5 19. Qxd5 Nc7 20. Qxd8 Rbxd8
21. Be3 Bf6 22. Red1 Rd7 23. Rd3 Red8 24. Rad1 Ne6 25. Ne2 h6 26. h4 Nc5 27.
R3d2 Nb3 28. Rd3 Nc5 29. R3d2 Nb3 30. Rd3 1/2-1/2

[Event "XXIII Festival A"]
[Site "Porto San Giorgio ITA"]
[Date "2011.08.22"]
[Round "2"]
[White "Cocuzzi, Edoardo"]
[Black "Crafa, Carmine"]
[Result "1/2-1/2"]
[WhiteElo "1926"]
[BlackElo "1805"]
[PlyCount "120"]
[EventDate "2011.08.21"]

1. e4 e5 2. Bc4 Nf6 3. d3 Nc6 4. a3 Be7 5. Ne2 d6 6. Nbc3 O-O 7. f4 Be6 8. Nd5
Bg4 9. c3 Nxd5 10. exd5 Nb8 11. fxe5 dxe5 12. O-O Nd7 13. h3 Bh5 14. Qe1 Bg6
15. Ng3 Nc5 16. Ne4 Nxe4 17. dxe4 Qd6 18. b4 a5 19. Bb2 c6 20. dxc6 bxc6 21.
Rd1 Qc7 22. Qe2 Rad8 23. Qf3 Rxd1 24. Rxd1 Rd8 25. Rxd8+ Qxd8 26. Qd3 Qxd3 27.
Bxd3 Bd8 28. Kf2 Kf8 29. c4 axb4 30. axb4 f6 31. g4 Ke7 32. Ke3 Kd7 33. Kd2 Bb6
34. Kc2 h5 35. Kb3 hxg4 36. hxg4 Bf7 37. g5 Ke6 38. c5 Bc7 39. Bc4+ Ke7 40. Bc1
Bxc4+ 41. Kxc4 Ke6 42. gxf6 gxf6 43. b5 cxb5+ 44. Kxb5 f5 45. Kc6 Bd8 46. exf5+
Kxf5 47. Kd7 Ba5 48. c6 Ke4 49. Bd2 Bb6 50. Kc8 Kd5 51. Kb7 Bd8 52. Be3 e4 53.
Ba7 Ba5 54. Bb6 Bxb6 55. Kxb6 e3 56. c7 e2 57. c8=Q e1=Q 58. Qd7+ Kc4 59. Qb5+
Kd4 60. Qc5+ Kd3 1/2-1/2

[Event "XXIII Festival A"]
[Site "Porto San Giorgio ITA"]
[Date "2011.08.22"]
[Round "2"]
[White "Di Lascio, Savino"]
[Black "Madiai, Federico"]
[Result "1-0"]
[WhiteElo "1982"]
[BlackElo "2195"]
[PlyCount "71"]
[EventDate "2011.08.21"]

1. Nf3 d5 2. g3 c5 3. Bg2 g6 4. c4 d4 5. d3 Bg7 6. h3 Nc6 7. g4 e5 8. Nbd2 f5
9. Nh2 Nge7 10. Nb3 Qd6 11. a3 b6 12. gxf5 Bxf5 13. Bg5 Rd8 14. Nd2 h6 15. Bh4
Qe6 16. Qa4 g5 17. Bg3 Bxh3 18. Bxh3 Qxh3 19. O-O-O Qd7 20. Ne4 Nb8 21. Qc2 Ng6
22. b3 Na6 23. Ng4 Kf7 24. Rh5 Nf4 25. Bxf4 exf4 26. Rdh1 Kg6 27. Rxh6+ Kf5 28.
R6h5 Ke6 29. Nxg5+ Kd6 30. Qd2 Rhf8 31. Ne4+ Kc7 32. Rh7 Kb8 33. Ngf6 Qe7 34.
Rg1 Rf7 35. Nd5 Qb7 36. Ng5 1-0

[Event "XXIII Festival A"]
[Site "Porto San Giorgio ITA"]
[Date "2011.08.22"]
[Round "2"]
[White "Di Mantino, Mauro"]
[Black "Del Nevo, Claudio"]
[Result "1-0"]
[WhiteElo "1954"]
[BlackElo "1831"]
[PlyCount "85"]
[EventDate "2011.08.21"]

1. e4 d6 2. Nf3 Nf6 3. Nc3 c6 4. d4 g6 5. Be2 Bg7 6. O-O O-O 7. a4 b6 8. Bg5
Nbd7 9. Qd2 Bb7 10. Rad1 Qc7 11. Qf4 e5 12. dxe5 dxe5 13. Qh4 Nh5 14. g3 h6 15.
Be7 Rfe8 16. Bd6 Qd8 17. Bc4 Qxh4 18. Nxh4 Nf8 19. Bxf8 Kxf8 20. Rd7 Re7 21.
Rfd1 Nf6 22. R7d6 Ne8 23. Rxg6 Nc7 24. Rxg7 Kxg7 25. Nf5+ Kf8 26. Nxe7 Kxe7 27.
Bxf7 b5 28. axb5 cxb5 29. Bd5 Rb8 30. Bxb7 Rxb7 31. Nd5+ Ke6 32. Nxc7+ Rxc7 33.
c3 Rc4 34. f3 b4 35. cxb4 Rxb4 36. Ra1 Rxb2 37. Ra6+ Rb6 38. Rxa7 Kd6 39. Rh7
Kc5 40. Rd7 Rb1+ 41. Kg2 Rb2+ 42. Kh3 Rb3 43. Kg4 1-0

[Event "XXIII Festival A"]
[Site "Porto San Giorgio ITA"]
[Date "2011.08.22"]
[Round "2"]
[White "Di Martino, Antonio"]
[Black "Ottaviani, Gianluca"]
[Result "0-1"]
[WhiteElo "1841"]
[BlackElo "1949"]
[PlyCount "90"]
[EventDate "2011.08.21"]

1. e4 e5 2. Nf3 Nc6 3. Bb5 Nf6 4. O-O Nxe4 5. d4 Nd6 6. Bxc6 dxc6 7. dxe5 Nf5
8. Qxd8+ Kxd8 9. Bg5+ Ne7 10. Nbd2 h6 11. Bf4 Ng6 12. Bg3 Be7 13. Rad1 Ke8 14.
Rfe1 c5 15. Ne4 Be6 16. b3 Rd8 17. c4 Bg4 18. Nc3 Nf8 19. Nd5 Ne6 20. Re3 c6
21. Nc3 Nd4 22. Red3 h5 23. Kf1 g5 24. h3 Bf5 25. Re3 Nc2 26. Rxd8+ Kxd8 27.
Re2 Bd3 28. Ne1 Bxe2+ 29. Kxe2 Nxe1 30. Kxe1 Kd7 31. Ne4 Ke6 32. Ke2 Rd8 33.
Nd6 Bxd6 34. exd6 f5 35. f4 g4 36. hxg4 hxg4 37. Bh4 Rxd6 38. Bf2 b6 39. Be1
Rd4 40. g3 Re4+ 41. Kd2 b5 42. cxb5 cxb5 43. Bf2 Kd5 44. Bg1 a5 45. Bf2 a4 0-1

[Event "XXIII Festival A"]
[Site "Porto San Giorgio ITA"]
[Date "2011.08.22"]
[Round "2"]
[White "Di Muccio, Lindoro"]
[Black "Dietrich, Stefano"]
[Result "0-1"]
[WhiteElo "1964"]
[BlackElo "1857"]
[PlyCount "114"]
[EventDate "2011.08.21"]

1. d4 Nf6 2. c4 c5 3. d5 e6 4. Nc3 exd5 5. cxd5 Bd6 6. e4 O-O 7. Bg5 Re8 8.
Bxf6 Qxf6 9. Qc2 Bc7 10. Bd3 Na6 11. a3 d6 12. Nge2 Bd7 13. O-O Bb6 14. Kh1
Rac8 15. Ng3 c4 16. Be2 Bd4 17. Rad1 Be5 18. f4 Bxc3 19. Qxc3 Qxc3 20. bxc3 b5
21. Bf3 Nc5 22. Rfe1 Nd3 23. Rf1 Nxf4 24. Nh5 Nd3 25. Ng3 Ne5 26. Ne2 Nxf3 27.
gxf3 Rb8 28. Nd4 Rb6 29. Kg2 Re5 30. Kf2 g6 31. Rg1 Ra6 32. Nc2 f5 33. Ke3 fxe4
34. fxe4 Bf5 35. Rd4 Bh3 36. Kf4 Rb6 37. Rg5 Rxg5 38. Kxg5 Kg7 39. Nb4 h6+ 40.
Kh4 Bd7 41. Rd2 a5 42. Nc2 Rb8 43. Re2 g5+ 44. Kg3 Re8 45. Kf3 h5 46. Ke3 Bf5
47. Kd4 g4 48. Re3 Bd7 49. e5 Rxe5 50. Rxe5 dxe5+ 51. Kxe5 Kf7 52. Kd6 Ke8 53.
Ne3 h4 54. Nf1 b4 55. cxb4 axb4 56. axb4 c3 57. Ne3 g3 0-1

[Event "XXIII Festival A"]
[Site "Porto San Giorgio ITA"]
[Date "2011.08.22"]
[Round "2"]
[White "Dvirnyy, Danyyil"]
[Black "Stella, Luca"]
[Result "1-0"]
[WhiteElo "2436"]
[BlackElo "2090"]
[PlyCount "47"]
[EventDate "2011.08.21"]

1. e4 c5 2. Nf3 d6 3. d4 cxd4 4. Nxd4 Nf6 5. Nc3 a6 6. Qe2 Nbd7 7. g4 Qb6 8.
Nb3 Ne5 9. h3 h6 10. f4 Ng6 11. Be3 Qc7 12. O-O-O e6 13. Qf2 Bd7 14. Bb6 Qc8
15. Bd3 Bc6 16. Rhe1 e5 17. Nd5 Bxd5 18. exd5 Nd7 19. Bxg6 fxg6 20. fxe5 dxe5
21. Rf1 Nxb6 22. Qxb6 g5 23. d6 Qc6 24. d7+ 1-0